Polish heritage of Joseph Conrad (Record no. 12159)
[ view plain ]
| 000 -LEADER | |
|---|---|
| fixed length control field | 00370 a2200109 4500 |
| 245 ## - TITLE STATEMENT | |
| Title | Polish heritage of Joseph Conrad |
| Medium | |
| 650 ## - SUBJECT ADDED ENTRY--TOPICAL TERM | |
| Topical term or geographic name entry element | literature |
| 260 ## - PUBLICATION, DISTRIBUTION, ETC. | |
| Place of publication, distribution, etc. | nyu |
| Name of publisher, distributor, etc. | Haskell House |
| Date of publication, distribution, etc. | 1965 |
| 084 ## - | |
| -- | PR6005.O4 Z78 1965 |
| 300 ## - PHYSICAL DESCRIPTION | |
| Extent | 248 p. illus., ports. 24 cm. |
| Other physical details | 248 p. illus., ports. 24 cm. |
| Dimensions | 248 p. illus., ports. 24 cm. |
No items available.